书目信息 |
| 题名: |
毕加索传
|
|
| 作者: | 理查德森 著 ;孟宪平 译 | |
| 分册: | 卷一 1881-1906 | |
| 出版信息: | 杭州 浙江大学出版社 2016 |
|
| 页数: | 704页 | |
| 开本: | 23cm | |
| 丛书名: | ||
| 单 册: | ||
| 中图分类: | K835.515.72 | |
| 科图分类: | ||
| 主题词: | ||
| 电子资源: | ||
| ISBN: | 978-7-308-16304-0 | |
| 000 | 01029nam0 22002771 450 | |
| 001 | 1754453402 | |
| 005 | 20170522155352.65 | |
| 010 | @a978-7-308-16304-0@dCNY128.00 | |
| 100 | @a20170306d2016 em y0chiy50 ea | |
| 101 | 1 | @achi@ceng |
| 102 | @aCN@b330000 | |
| 105 | @aa z 001yb | |
| 106 | @ar | |
| 200 | 1 | @a毕加索传@9bi jia suo chuan@h卷一@i1881-1906@f(英)约翰·理查德森著@g孟宪平译 |
| 210 | @a杭州@c浙江大学出版社@d2016 | |
| 215 | @a704页@c图,照片@d23cm | |
| 300 | @a启真·艺术家 | |
| 312 | @a书名原文:A life of Picasso. Volume I, 1881-1906 | |
| 330 | @a本书描述了毕加索的蓝调岁月,从出生到青年时期,其出身,从事艺术的原始动力以及接受了什么样的指引。 | |
| 510 | 1 | @aLife of Picasso@hVolume I@i1881-1906@zeng |
| 600 | 0 | @a毕加索@9bi jia suo@c(Picasso, Pablo Ruiz@f1881-1973)@x传记 |
| 690 | @aK835.515.72@v5 | |
| 701 | 0 | @c(英)@a理查德森@9li cha de sen@c(Richardson, John)@4著 |
| 702 | 0 | @a孟宪平@9meng xian ping@f(1972-)@4译 |
| 801 | 0 | @aCN@b百万庄@c20170512 |
| 905 | @b1004762-5@dK835.515.72@e832:1@f4 | |
| 毕加索传.卷一.1881-1906/(英)约翰·理查德森著/孟宪平译.-杭州:浙江大学出版社,2016 |
| 704页:图,照片;23cm |
| 启真·艺术家 |
| ISBN 978-7-308-16304-0:CNY128.00 |
| 本书描述了毕加索的蓝调岁月,从出生到青年时期,其出身,从事艺术的原始动力以及接受了什么样的指引。 |
| ● |
| 相关链接 |
|
|
|
|
正题名:毕加索传
索取号:K835.515.72/832:1
 
预约/预借
| 序号 | 登录号 | 条形码 | 馆藏地/架位号 | 状态 | 备注 |
| 1 | 1004762 | 210047625 | 第二样本阅览室/ [索取号:K835.515.72/832:1] | 在馆 | |
| 2 | 1004763 | 210047634 | 教育系资料室/ [索取号:K835.515.72/832:1] | 在馆 | |
| 3 | 1004764 | 210047643 | 教育系资料室/ [索取号:K835.515.72/832:1] | 在馆 | |
| 4 | 1004765 | 210047652 | 教育系资料室/ [索取号:K835.515.72/832:1] | 在馆 |